000 01514nam a22002537a 4500
003 CO-ViMGA
008 020904e2013 mx gr 000 0 spa d
020 _a9789586393485
040 _aCO-ViMGA
_bspa
_cCO-ViMGA
082 0 4 _a158.1
_bR632po
100 1 _aRobbins, Anthony
_912346
245 1 0 _aPoder sin limites
_bLa nueva ciencia del desarrollo personal /
_c Anthony Robbins,
250 _aEdicion Especial
260 _aBogota:
_bPenguin random house grupo editorial ;
_c2011.
300 _a477 p.
500 _aIncluye glosario
520 _aEl libro nos muestra elocuentemente la teoría básica del poder sin límites; el problema esencial del desarrollo personal no está en las circunstancias; el éxito y la riqueza se consiguen en buena parte por la actitud vital de cada individuo. Sin embargo, es frecuente pedir un precio bajo: limitar ambiciones legítimas, ser presa de la frustración o del miedo de más allá. «La vida pagará cualquier precio que tú le pidas.» Pero tienes que dar lo mejor de ti en cualquier actividad en la vida que desarrolles. La verdadera riqueza entra cuando das y das sin medida, sin escatimar en lo más mínimo y con auténtica lealtad con los que tratas. El éxito en tus cosas, no es negociable. Hay que poner, lo que haga falta poner, con compromiso y agallas...
650 1 4 _aAutocontrol
_96669
650 1 4 _aDesarrollo humano
_95075
650 1 4 _aÉxito
_96495
650 1 4 _aLiderazgo
_9432
700 1 _aBravo, José Antonio
_912366
942 _2ddc
_cBK
999 _c36995
_d36995